[Event "Europa tch femenino 2005"]
[Site "Gotebörg SWE"]
[Date "2005.08.04"]
[Round "6.10"]
[White "Macek, Vlasta"]
[Black "Kachiani-Gersinska, Ketino"]
[Result "1/2-1/2"]
[WhiteElo "2211"]
[BlackElo "2416"]
[PlyCount "206"]
[EventDate "2005.07.30"]
[EventType "team"]
[EventRounds "9"]
[EventCountry "SWE"]
[Source "lmi"]
[SourceDate "2005.08.07"]

1. d4 Nf6 2. c4 g6 3. Nf3 Bg7 4. g3 O-O 5. Bg2 d6 6. O-O Nbd7 7. Nc3 e5 8. e4
exd4 9. Nxd4 Re8 10. Re1 a6 11. h3 Rb8 12. Be3 Ne5 13. b3 c5 14. Nc2 Nc6 15.
Rb1 b5 16. cxb5 axb5 17. b4 Ng4 18. hxg4 Bxc3 19. Bd2 Bxg4 20. Qc1 Bxd2 21.
Qxd2 Ne5 22. Qe3 c4 23. f3 Bd7 24. Red1 Qb6 25. Rd4 Ra8 26. a3 d5 27. Rbd1 dxe4
28. Rxe4 Qxe3+ 29. Rxe3 Nd3 30. Rxe8+ Bxe8 31. Bf1 Ne5 32. Kf2 h5 33. Rd5 f6
34. Be2 Kf7 35. Nd4 Rxa3 36. Nxb5 Bc6 37. Rxe5 fxe5 38. Nxa3 c3 39. b5 Bb7 40.
Bd3 g5 41. Nc4 Ke6 42. Na5 Bd5 43. Ke3 h4 44. gxh4 gxh4 45. Kf2 h3 46. Bc2 Kd6
47. b6 h2 48. Kg2 Bxf3+ 49. Kxh2 Bd5 50. Kg3 Bf7 51. Kf3 Be8 52. Ke3 Bb5 53.
Be4 Kd7 54. Bd3 Ba4 55. Bf5+ Kd6 56. Kd3 c2 57. Kd2 Bc6 58. Bxc2 Kc5 59. b7
Bxb7 60. Nxb7+ Kd4 61. Nd6 e4 62. Nxe4 Ke5 63. Ke3 Kd5 64. Bd3 Ke5 65. Nd2 Kd5
66. Nb3 Ke5 67. Be4 Kf6 68. Nc5 Ke5 69. Nd3+ Ke6 70. Kf4 Kd6 71. Kf5 Ke7 72.
Ke5 Kf7 73. Nf4 Kg7 74. Kf5 Kh6 75. Bd5 Kg7 76. Ne6+ Kh6 77. Bf3 Kh7 78. Kg5
Kg8 79. Kf6 Kh7 80. Bg4 Kg8 81. Bf5 Kh8 82. Ng5 Kg8 83. Bg6 Kh8 84. Bc2 Kg8 85.
Bf5 Kh8 86. Nf7+ Kg8 87. Nh6+ Kh8 88. Ng4 Kg8 89. Ne5 Kh8 90. Nd7 Kg8 91. Ne5
Kh8 92. Kg6 Kg8 93. Be6+ Kh8 94. Nf7+ Kg8 95. Nh6+ Kh8 96. Nf7+ Kg8 97. Kf6 Kh7
98. Bf5+ Kg8 99. Bg6 Kf8 100. Bh7 Ke8 101. Ne5 Kf8 102. Nc6 Ke8 103. Nd4 Kd7
1/2-1/2

[Event "Europa tch femenino 2005"]
[Site "Gotebörg SWE"]
[Date "2005.08.04"]
[Round "6.10"]
[White "Kruljac, Petra"]
[Black "Trabert, Bettina"]
[Result "1/2-1/2"]
[WhiteElo "2017"]
[BlackElo "2291"]
[PlyCount "118"]
[EventDate "2005.07.30"]
[EventType "team"]
[EventRounds "9"]
[EventCountry "SWE"]
[Source "lmi"]
[SourceDate "2005.08.07"]

1. d4 d5 2. c4 e6 3. Nc3 c6 4. e3 Nf6 5. Qc2 Nbd7 6. Nf3 Bd6 7. g4 Nxg4 8. Rg1
f5 9. h3 Ngf6 10. Rxg7 Ne4 11. Bd2 Qf6 12. Rg2 Nf8 13. O-O-O Ng6 14. Be1 Bd7
15. Be2 O-O-O 16. Qa4 Kb8 17. b4 Nxc3 18. Bxc3 dxc4 19. Qc2 b5 20. h4 Nxh4 21.
d5 e5 22. dxc6 Nxf3 23. Bxf3 Bc8 24. a4 Qe7 25. axb5 Bxb4 26. Bxb4 Qxb4 27. Rg7
Qa3+ 28. Qb2 Rxd1+ 29. Bxd1 Qxb2+ 30. Kxb2 h5 31. Be2 Be6 32. Re7 Bd5 33. Rxe5
Bg2 34. Rxf5 h4 35. Bg4 h3 36. Bxh3 Bxh3 37. Rf7 Bc8 38. Kc3 Rh1 39. Rf4 Rc1+
40. Kb2 Rf1 41. Rxc4 Rxf2+ 42. Kc3 Rf5 43. Kb4 Re5 44. Rc3 Kc7 45. Rd3 Bf5 46.
Ra3 Kb8 47. Rc3 Bc8 48. Rd3 Kc7 49. Ka4 Kb6 50. Rd8 Re4+ 51. Rd4 Rxe3 52. Rd8
Re4+ 53. Ka3 Kc7 54. Rg8 Rh4 55. Rg7+ Kb6 56. Rg8 Kc7 57. Rg7+ Kb6 58. Rg8 Kc7
59. Rg7+ Kb6 1/2-1/2

[Event "Europa tch femenino 2005"]
[Site "Gotebörg SWE"]
[Date "2005.08.04"]
[Round "6.11"]
[White "Houska, Jovanka"]
[Black "Maric, Alisa"]
[Result "1/2-1/2"]
[WhiteElo "2342"]
[BlackElo "2415"]
[PlyCount "74"]
[EventDate "2005.07.30"]
[EventType "team"]
[EventRounds "9"]
[EventCountry "SWE"]
[Source "lmi"]
[SourceDate "2005.08.07"]

1. e4 e6 2. d4 d5 3. Nc3 Nf6 4. e5 Nfd7 5. Nce2 c5 6. c3 Nc6 7. f4 b5 8. a3
cxd4 9. cxd4 b4 10. a4 f6 11. Nf3 Be7 12. g3 Qb6 13. Bh3 f5 14. b3 Ba6 15. Be3
h6 16. g4 g6 17. Rg1 O-O-O 18. Rc1 Rdg8 19. Bf2 Kb8 20. Qc2 Na5 21. gxf5 gxf5
22. Rxg8+ Rxg8 23. Qd1 Qb7 24. Bf1 Rc8 25. Nd2 Nf8 26. Rxc8+ Qxc8 27. Qc1 Ng6
28. Qxc8+ Kxc8 29. Be3 Nc6 30. Nc1 Bh4+ 31. Kd1 Bxf1 32. Nxf1 Bd8 33. Ke1 Kd7
34. Nd2 Bb6 35. Nf3 Ke7 36. Nd3 Nf8 37. Kf2 Nd7 1/2-1/2

[Event "Europa tch femenino 2005"]
[Site "Gotebörg SWE"]
[Date "2005.08.04"]
[Round "6.11"]
[White "Chelushkina, Irina"]
[Black "Gilbert, Jessie"]
[Result "1-0"]
[WhiteElo "2330"]
[BlackElo "2151"]
[PlyCount "79"]
[EventDate "2005.07.30"]
[EventType "team"]
[EventRounds "9"]
[EventCountry "SWE"]
[Source "lmi"]
[SourceDate "2005.08.07"]

1. g3 e5 2. c4 g6 3. d4 exd4 4. Qxd4 Qf6 5. Qe3+ Qe7 6. Nc3 Bg7 7. Qd3 Nf6 8.
Nf3 d6 9. Bg5 Bf5 10. Qd2 Ne4 11. Nxe4 Qxe4 12. Bg2 Be6 13. Nh4 Qxc4 14. Bxb7
O-O 15. Bxa8 c6 16. O-O Bd5 17. Rac1 Qb5 18. Rfe1 Re8 19. Qd3 Qxb2 20. e4 Bxa2
21. Re2 Qb3 22. Qd2 Bb1 23. Qd1 Qxd1+ 24. Rxd1 Bxe4 25. f3 f6 26. Rxe4 Rxe4 27.
fxe4 fxg5 28. Nf3 g4 29. Nd4 c5 30. Bd5+ Kh8 31. Ne6 Nd7 32. Rb1 Nb6 33. Rf1
Bh6 34. Rf7 c4 35. Rb7 Be3+ 36. Kf1 h5 37. Nf8 Nxd5 38. exd5 c3 39. Nxg6+ Kg8
40. Rc7 1-0

[Event "Europa tch femenino 2005"]
[Site "Gotebörg SWE"]
[Date "2005.08.04"]
[Round "6.11"]
[White "Bojkovic, Natasa"]
[Black "Lalic, Susan"]
[Result "1/2-1/2"]
[WhiteElo "2386"]
[BlackElo "2362"]
[PlyCount "128"]
[EventDate "2005.07.30"]
[EventType "team"]
[EventRounds "9"]
[EventCountry "SWE"]
[Source "lmi"]
[SourceDate "2005.08.07"]

1. e4 c6 2. d4 d5 3. e5 Bf5 4. c3 e6 5. Be3 h6 6. Nd2 Ne7 7. Ne2 Bh7 8. Ng3 Nf5
9. Nxf5 Bxf5 10. Be2 Be7 11. O-O Nd7 12. f4 Bh7 13. Nb3 Qc7 14. Bg4 g6 15. Rc1
O-O-O 16. Qe2 Kb8 17. Qf2 Bg8 18. Nc5 Nxc5 19. dxc5 g5 20. fxg5 hxg5 21. h3 Rf8
22. Bd4 Bh7 23. Qe2 Be4 24. Rf2 Qa5 25. b4 Qa6 26. Qxa6 bxa6 27. Be2 Kb7 28.
Rcf1 Bg6 29. a4 Bd8 30. Bg4 Re8 31. a5 Bc7 32. Rf6 Bd8 33. R6f2 Bc7 34. Bd1 Bd3
35. Be2 Bf5 36. Bg4 Bd3 37. Be2 Bf5 38. Bg4 Bd3 39. Re1 Rh7 40. Rd1 Be4 41.
Rdf1 Bg6 42. Bd1 Reh8 43. Bg4 Bd3 44. Rd1 Bg6 45. Re1 Rh4 46. Rf6 Bd8 47. Rff1
Bc7 48. Re3 R4h7 49. Ref3 Kb8 50. Rf6 Re8 51. R6f3 Kb7 52. R3f2 Reh8 53. Rf3
Re8 54. R3f2 Reh8 55. Rf6 Re8 56. Re1 Bd8 57. Rf2 Bc7 58. Ref1 Reh8 59. Rf3 Re8
60. Re1 Be4 61. Rf6 Bd8 62. Rf2 Bc7 63. Ref1 Bg6 64. Bd1 Reh8 1/2-1/2

[Event "Europa tch femenino 2005"]
[Site "Gotebörg SWE"]
[Date "2005.08.04"]
[Round "6.12"]
[White "Gretarsdottir, Lilja"]
[Black "Cinar Corlulu, Nilufer"]
[Result "0-1"]
[WhiteElo "2046"]
[BlackElo "2038"]
[PlyCount "80"]
[EventDate "2005.07.30"]
[EventType "team"]
[EventRounds "9"]
[EventCountry "SWE"]
[Source "lmi"]
[SourceDate "2005.08.07"]

1. e4 c5 2. Nf3 Nc6 3. d4 cxd4 4. Nxd4 e5 5. Nb5 d6 6. N1c3 a6 7. Na3 b5 8. Nd5
Nf6 9. Bg5 Be7 10. Nxe7 Nxe7 11. Bxf6 gxf6 12. c4 Qa5+ 13. Qd2 Qxd2+ 14. Kxd2
bxc4 15. Nxc4 O-O 16. Bd3 d5 17. exd5 Nxd5 18. a3 Rd8 19. g3 Bg4 20. Rhe1 Rac8
21. Rac1 Be6 22. Ne3 Rb8 23. Nd1 Nb6 24. Ke2 Bg4+ 25. f3 Bxf3+ 26. Kxf3 Rxd3+
27. Re3 Rd6 28. b4 Rbd8 29. Nf2 Nd5 30. Re4 Ne7 31. Rc5 Nf5 32. Kg2 Nd4 33. Re3
Kg7 34. Ra5 Rc6 35. Ne4 Rc2+ 36. Kh3 f5 37. Nc5 Rd6 38. Rxa6 Nc6 39. Rxc6 Rxc6
40. Rxe5 Rh6# 0-1

[Event "Europa tch femenino 2005"]
[Site "Gotebörg SWE"]
[Date "2005.08.04"]
[Round "6.12"]
[White "Bayrak, Asli"]
[Black "Fridthjofsdottir, Sigurl  Regin"]
[Result "1-0"]
[WhiteElo "1967"]
[BlackElo "1963"]
[PlyCount "73"]
[EventDate "2005.07.30"]
[EventType "team"]
[EventRounds "9"]
[EventCountry "SWE"]
[Source "lmi"]
[SourceDate "2005.08.07"]

1. e4 e6 2. d4 d5 3. e5 c5 4. c3 Nc6 5. Nf3 Qc7 6. Be2 Bd7 7. O-O Rc8 8. a3
cxd4 9. cxd4 Nge7 10. Nc3 a6 11. h3 b5 12. Bxb5 Nxe5 13. Bxa6 Nxf3+ 14. Qxf3
Ra8 15. Bb5 Bxb5 16. Nxb5 Qb6 17. Qd3 Nf5 18. Bf4 Nd6 19. Bxd6 Bxd6 20. Nxd6+
Qxd6 21. Rfc1 O-O 22. Rc3 Rfb8 23. Rac1 Qb6 24. b4 g6 25. Rc6 Qa7 26. R1c3 Qe7
27. Rc7 Qf6 28. Qf3 Qxf3 29. Rxf3 Rf8 30. Rb3 Rfc8 31. Rxc8+ Rxc8 32. b5 Kf8
33. b6 Ke7 34. a4 Kd6 35. a5 Rb8 36. a6 Kc6 37. a7 1-0

[Event "Europa tch femenino 2005"]
[Site "Gotebörg SWE"]
[Date "2005.08.04"]
[Round "6.13"]
[White "Nagy, Laura"]
[Black "Frisk, Ellinor"]
[Result "1/2-1/2"]
[WhiteElo "1933"]
[BlackElo "1991"]
[PlyCount "100"]
[EventDate "2005.07.30"]
[EventType "team"]
[EventRounds "9"]
[EventCountry "SWE"]
[Source "lmi"]
[SourceDate "2005.08.07"]

1. e4 e6 2. d4 d5 3. Nd2 c5 4. exd5 Qxd5 5. Ngf3 cxd4 6. Bc4 Qd6 7. O-O Nf6 8.
Nb3 Nc6 9. Nbxd4 Nxd4 10. Nxd4 a6 11. c3 Qc7 12. Bb3 Bd6 13. h3 O-O 14. Qf3 Bd7
15. Bg5 Bh2+ 16. Kh1 Be5 17. Rad1 Rac8 18. Rfe1 Rfe8 19. Qe3 Bxd4 20. Qxd4 Nd5
21. Bxd5 exd5 22. Qxd5 Bc6 23. Qf5 Bd7 24. Qf4 Qc6 25. Qd4 Bxh3 26. f3 Be6 27.
a3 Qb5 28. Bc1 Rc4 29. Qe5 Rc5 30. Qg3 Qb6 31. Rd4 Rh5+ 32. Rh4 Rxh4+ 33. Qxh4
Qd6 34. Qf4 Qc5 35. Re5 Qd6 36. Re1 Qd3 37. Qe4 Qb5 38. Qf4 Qh5+ 39. Kg1 Qc5+
40. Kh1 Qf2 41. Qd2 Qh4+ 42. Kg1 Rd8 43. Qf2 Qe7 44. Qg3 Kf8 45. Be3 f6 46. Bd4
Qf7 47. Qh4 Kg8 48. Kf2 Re8 49. Rh1 Qg6 50. Re1 Qf7 1/2-1/2

[Event "Europa tch femenino 2005"]
[Site "Gotebörg SWE"]
[Date "2005.08.04"]
[Round "6.13"]
[White "Horvath, Maria"]
[Black "Horn, Emilia"]
[Result "1/2-1/2"]
[WhiteElo "2039"]
[BlackElo "2041"]
[PlyCount "75"]
[EventDate "2005.07.30"]
[EventType "team"]
[EventRounds "9"]
[EventCountry "SWE"]
[Source "lmi"]
[SourceDate "2005.08.07"]

1. d4 d5 2. c4 c6 3. Nf3 Nf6 4. Nc3 dxc4 5. a4 Bf5 6. e3 e6 7. Bxc4 Bb4 8. O-O
O-O 9. Qe2 Bg6 10. Ne5 Nbd7 11. Nxg6 hxg6 12. Rd1 Qa5 13. Bd2 Rad8 14. Be1 Nb6
15. Bb3 e5 16. dxe5 Qxe5 17. Rxd8 Rxd8 18. Rd1 Rxd1 19. Qxd1 Bd6 20. g3 Bc7 21.
Qd3 Qh5 22. Bd1 Ng4 23. h4 Ne5 24. Qe4 Qf5 25. Qxf5 gxf5 26. Be2 Bd6 27. f4
Ned7 28. a5 Nc8 29. Na4 Nf6 30. Bd3 Ne7 31. Kg2 Ned5 32. Kf3 g6 33. Nc3 Bc5 34.
Bd2 Kf8 35. Nxd5 Nxd5 36. h5 Nf6 37. hxg6 fxg6 38. Bc3 1/2-1/2

[Event "Europa tch femenino 2005"]
[Site "Gotebörg SWE"]
[Date "2005.08.04"]
[Round "6.13"]
[White "Agrest, Inna"]
[Black "Sommer, Sonja"]
[Result "1-0"]
[WhiteElo "1984"]
[BlackElo "2053"]
[PlyCount "49"]
[EventDate "2005.07.30"]
[EventType "team"]
[EventRounds "9"]
[EventCountry "SWE"]
[Source "lmi"]
[SourceDate "2005.08.07"]

1. e4 e5 2. Nf3 Nc6 3. d4 exd4 4. Bc4 Nf6 5. e5 Ne4 6. O-O d5 7. Bb5 Bd7 8.
Bxc6 bxc6 9. Nxd4 Bc5 10. f3 Ng5 11. f4 Ne4 12. Be3 Qe7 13. Nd2 Nxd2 14. Qxd2
O-O 15. Rae1 Bb6 16. c3 c5 17. Nb3 Rad8 18. f5 Qxe5 19. Bg5 Qd6 20. Bxd8 Rxd8
21. f6 c4+ 22. Nd4 c5 23. Nf5 Bxf5 24. Rxf5 g6 25. Re7 1-0

[Event "Europa tch femenino 2005"]
[Site "Gotebörg SWE"]
[Date "2005.08.05"]
[Round "7.1"]
[White "Voiska, Margarita"]
[Black "Socko, Monika"]
[Result "0-1"]
[WhiteElo "2328"]
[BlackElo "2465"]
[PlyCount "104"]
[EventDate "2005.07.30"]
[EventType "team"]
[EventRounds "9"]
[EventCountry "SWE"]
[Source "lmi"]
[SourceDate "2005.08.07"]

1. d4 Nf6 2. c4 g6 3. Nc3 Bg7 4. e4 d6 5. Bd3 O-O 6. Nge2 e5 7. d5 Nbd7 8. O-O
Nc5 9. Bc2 a5 10. f3 c6 11. Be3 cxd5 12. cxd5 Bd7 13. a3 b5 14. b4 Na6 15. Rb1
a4 16. Bd3 Qb8 17. Rc1 Nc7 18. Ng3 Kh8 19. Qd2 Qb7 20. Rc2 Rac8 21. Rfc1 Ng8
22. Nf1 Ne7 23. Nd1 f5 24. h3 f4 25. Bf2 g5 26. Nh2 h5 27. Be2 Ng8 28. Rc6 Bxc6
29. dxc6 Qb8 30. Qxd6 Bf6 31. Qc5 Ne7 32. Nc3 Ne6 33. Qxb5 Nxc6 34. Qxa4 Ncd4
35. Bf1 Rc7 36. Qd1 Rd8 37. Nd5 Rf7 38. h4 Rg8 39. Bc4 Qd8 40. hxg5 Bxg5 41.
Nc3 Rg6 42. Bxe6 Nxe6 43. Qxd8+ Bxd8 44. Kh1 Rc7 45. Na2 Rxc1+ 46. Nxc1 Nc7 47.
Nd3 Rd6 48. Nxe5 Rd1+ 49. Bg1 Kg7 50. Nc6 Bh4 51. Nd4 Bf2 52. Ne2 Re1 0-1

[Event "Europa tch femenino 2005"]
[Site "Gotebörg SWE"]
[Date "2005.08.05"]
[Round "7.1"]
[White "Velcheva, Maria"]
[Black "Zielinska, Marta"]
[Result "0-1"]
[WhiteElo "2274"]
[BlackElo "2410"]
[PlyCount "96"]
[EventDate "2005.07.30"]
[EventType "team"]
[EventRounds "9"]
[EventCountry "SWE"]
[Source "lmi"]
[SourceDate "2005.08.07"]

1. e4 e6 2. d4 d5 3. Nd2 Nf6 4. e5 Nfd7 5. c3 c5 6. Bd3 Nc6 7. Ne2 cxd4 8. cxd4
f6 9. exf6 Qxf6 10. Nf3 h6 11. O-O Bd6 12. Be3 O-O 13. Bc2 Rd8 14. Qd2 Nf8 15.
a3 Bd7 16. Bf4 Bxf4 17. Nxf4 Be8 18. Rfe1 g5 19. Ne2 g4 20. Ne5 Nxe5 21. dxe5
Qxe5 22. Qxh6 Qxb2 23. Qd2 Qg7 24. Nd4 Rac8 25. Rab1 Rd6 26. Qf4 Ra6 27. Re5
Bg6 28. Rg5 e5 29. Rxe5 Bxc2 30. Nxc2 Rxc2 31. Rg5 Rg6 32. Rxd5 Qh6 33. Qe4
Rc1+ 34. Rd1 Rxd1+ 35. Rxd1 Rg7 36. Qc4+ Qe6 37. Qa4 b6 38. g3 Rf7 39. Qb4 Qe2
40. Rd2 Qf3 41. Qc4 Qf5 42. Re2 Ng6 43. Qd4 Rd7 44. Qc4+ Kh7 45. Qc1 Ne5 46.
Re3 Nf3+ 47. Kg2 Ng5 48. Qc3 Qd5+ 0-1

[Event "Europa tch femenino 2005"]
[Site "Gotebörg SWE"]
[Date "2005.08.05"]
[Round "7.2"]
[White "Vasilevich, Tatjana"]
[Black "Galliamova, Alisa"]
[Result "0-1"]
[WhiteElo "2393"]
[BlackElo "2453"]
[PlyCount "156"]
[EventDate "2005.07.30"]
[EventType "team"]
[EventRounds "9"]
[EventCountry "SWE"]
[Source "lmi"]
[SourceDate "2005.08.07"]

1. d4 d5 2. c4 c6 3. Nf3 Nf6 4. Nc3 e6 5. Bg5 h6 6. Bxf6 Qxf6 7. e3 Nd7 8. a3
g6 9. b4 Bg7 10. cxd5 exd5 11. Bd3 O-O 12. O-O Qd6 13. Qb3 Nb6 14. Rfc1 Be6 15.
Nd2 Rfc8 16. a4 Nd7 17. Rab1 a5 18. bxa5 Rxa5 19. Qd1 b6 20. Nb3 Raa8 21. Qf3
f5 22. Qe2 Nf6 23. a5 bxa5 24. Na4 Rcb8 25. Nbc5 Bf7 26. Qe1 Ng4 27. g3 Re8 28.
Qf1 h5 29. Be2 Nf6 30. Rb6 h4 31. Nd3 hxg3 32. hxg3 Rac8 33. Ne5 Ne4 34. Rbxc6
Rxc6 35. Rxc6 Qa3 36. Bb5 Bxe5 37. dxe5 Kg7 38. Rc7 Rxe5 39. Nb6 Re7 40. Rxe7
Qxe7 41. Qa1+ Qf6 42. Qd4 Qxd4 43. exd4 Nd2 44. f4 Nf3+ 45. Kf2 Nxd4 46. Ba4
Ne6 47. Nxd5 Nc5 48. Nc3 Bb3 49. Bxb3 Nxb3 50. Ke3 Kh6 51. Na4 Kh5 52. Kf3 Nd4+
53. Ke3 Nb5 54. Kf3 Nd6 55. Nc5 Nf7 56. Na4 Nd8 57. Nc5 Nf7 58. Na4 Kh6 59. g4
Nd6 60. Nc5 Nb5 61. Na4 Nd4+ 62. Kg3 Kg7 63. gxf5 gxf5 64. Kf2 Kg6 65. Ke3 Ne6
66. Nc3 Kh5 67. Nd5 Kg4 68. Nf6+ Kg3 69. Nd5 a4 70. Kd2 Kf3 71. Kc2 Nc5 72. Kc3
a3 73. Nb4 Kxf4 74. Kc4 Kg3 75. Kxc5 f4 76. Kc4 f3 77. Kb3 f2 78. Kxa3 f1=Q 0-1

[Event "Europa tch femenino 2005"]
[Site "Gotebörg SWE"]
[Date "2005.08.05"]
[Round "7.3"]
[White "Lomineishvili, Maia"]
[Black "Bogza, Adina-Maria"]
[Result "1-0"]
[WhiteElo "2420"]
[BlackElo "2325"]
[PlyCount "81"]
[EventDate "2005.07.30"]
[EventType "team"]
[EventRounds "9"]
[EventCountry "SWE"]
[Source "lmi"]
[SourceDate "2005.08.07"]

1. d4 g6 2. Nf3 Nf6 3. c4 Bg7 4. g3 d5 5. cxd5 Nxd5 6. Bg2 Nb6 7. Nc3 Nc6 8. e3
O-O 9. O-O Re8 10. Re1 h6 11. Nd2 e5 12. d5 Nb4 13. Nb3 e4 14. Nxe4 N4xd5 15.
Nec5 a5 16. a4 c6 17. Qe2 Qe7 18. e4 Nd7 19. Nxd7 Bxd7 20. Kf1 Qb4 21. Qc2 Nb6
22. Nc5 Be6 23. Nxe6 Rxe6 24. Ra2 Rd8 25. b3 Nc8 26. Bd2 Qb6 27. Kg1 Red6 28.
Be3 Qb4 29. Rb1 b6 30. Bf1 h5 31. Bc4 Ne7 32. Bg5 Kf8 33. Qe2 Qc5 34. Qf3 f6
35. Be3 Qe5 36. Bf4 Qc5 37. e5 Rd5 38. Be3 Qb4 39. exf6 Rf5 40. fxg7+ Kxg7 41.
Qe4 1-0

[Event "Europa tch femenino 2005"]
[Site "Gotebörg SWE"]
[Date "2005.08.05"]
[Round "7.3"]
[White "Calotescu, Ana-Cristina"]
[Black "Dzagnidze, Nana"]
[Result "1-0"]
[WhiteElo "2273"]
[BlackElo "2438"]
[PlyCount "103"]
[EventDate "2005.07.30"]
[EventType "team"]
[EventRounds "9"]
[EventCountry "SWE"]
[Source "lmi"]
[SourceDate "2005.08.07"]

1. Nf3 c5 2. c4 b6 3. Nc3 Bb7 4. e4 g6 5. d4 cxd4 6. Nxd4 Bg7 7. Be3 Nc6 8. Be2
Nf6 9. O-O O-O 10. f3 Rc8 11. Qd2 Ne8 12. Rfd1 Nc7 13. Ndb5 Nxb5 14. Nxb5 d6
15. Rac1 Qd7 16. b4 Qe6 17. a3 Rfd8 18. Nc3 Bxc3 19. Qxc3 Ne5 20. Qd4 Ba6 21.
b5 Bb7 22. Rc3 Nd7 23. a4 Nc5 24. a5 bxa5 25. Ra1 a4 26. Bd1 a6 27. Bxa4 Ra8
28. Rca3 Rdc8 29. Bd1 axb5 30. cxb5 Rab8 31. Rc1 Qd7 32. Be2 Ne6 33. Qd2 d5 34.
Rd1 Rd8 35. exd5 Qxd5 36. Rd3 Qf5 37. Qb4 Rxd3 38. Rxd3 Re8 39. Rd7 Nf4 40.
Rxb7 Nxe2+ 41. Kf2 Qc2 42. Qd2 Qxd2 43. Bxd2 Nd4 44. b6 Nb5 45. Bb4 e6 46. Rd7
Kg7 47. Ke3 Kf6 48. Kd3 e5 49. b7 Na7 50. Bc5 Nb5 51. Kc4 Nd4 52. Rxd4 1-0

[Event "Europa tch femenino 2005"]
[Site "Gotebörg SWE"]
[Date "2005.08.05"]
[Round "7.4"]
[White "Rozic, Vesna"]
[Black "Makka, Ioulia"]
[Result "1-0"]
[WhiteElo "2192"]
[BlackElo "2243"]
[PlyCount "117"]
[EventDate "2005.07.30"]
[EventType "team"]
[EventRounds "9"]
[EventCountry "SWE"]
[Source "lmi"]
[SourceDate "2005.08.07"]

1. d4 d5 2. Nf3 Nf6 3. e3 c5 4. c3 e6 5. Nbd2 Nc6 6. Bd3 Bd6 7. Qe2 O-O 8. O-O
e5 9. dxc5 Bxc5 10. e4 dxe4 11. Nxe4 Be7 12. Rd1 Qc7 13. Nxf6+ Bxf6 14. Bg5 Qe7
15. Bxf6 Qxf6 16. Be4 Re8 17. h3 Bf5 18. Rd2 Bxe4 19. Qxe4 Rad8 20. Rad1 Rxd2
21. Rxd2 g6 22. c4 Qe7 23. a3 a6 24. b4 Kg7 25. c5 f5 26. Qe3 e4 27. Qc3+ Kg8
28. Nd4 Ne5 29. Ne2 Qg5 30. Rd6 f4 31. g3 fxg3 32. Qxg3 Nf3+ 33. Kg2 Qe7 34.
Nd4 Rf8 35. Nxf3 exf3+ 36. Kh2 Kh8 37. Rd3 Qe4 38. Re3 Qc6 39. Qe5+ Kg8 40.
Qe6+ Qxe6 41. Rxe6 Rf7 42. Kg3 Kf8 43. Rb6 g5 44. Kg4 Rg7 45. Kxf3 Ke8 46. c6
bxc6 47. Rxc6 Ra7 48. Kg4 a5 49. Kxg5 axb4 50. axb4 Rb7 51. Rc4 Kf8 52. Kf6
Rf7+ 53. Ke5 Ke8 54. Rf4 Rb7 55. Kd6 Rg7 56. b5 Rg6+ 57. Kc7 Rg1 58. Re4+ Kf7
59. Rc4 1-0

[Event "Europa tch femenino 2005"]
[Site "Gotebörg SWE"]
[Date "2005.08.05"]
[Round "7.4"]
[White "Makropoulou, Marina"]
[Black "Krivec, Jana"]
[Result "1-0"]
[WhiteElo "2287"]
[BlackElo "2270"]
[PlyCount "105"]
[EventDate "2005.07.30"]
[EventType "team"]
[EventRounds "9"]
[EventCountry "SWE"]
[Source "lmi"]
[SourceDate "2005.08.07"]

1. e4 e5 2. Nf3 d6 3. Bc4 c6 4. O-O Be7 5. d4 Nd7 6. a4 exd4 7. Nxd4 Ngf6 8.
Nf5 O-O 9. Nc3 Nc5 10. Nxe7+ Qxe7 11. Re1 a5 12. h3 Be6 13. Bf1 h6 14. Bf4 Rad8
15. Qf3 d5 16. exd5 Nxd5 17. Nxd5 cxd5 18. Qa3 Rc8 19. Bb5 Rfd8 20. Rad1 Qf6
21. Be5 Qg6 22. Qg3 Qxg3 23. Bxg3 Ne4 24. Be5 f6 25. Bd4 Rd6 26. f3 Nc5 27. Bf2
b6 28. c4 Rcd8 29. Bg3 d4 30. Bxd6 Rxd6 31. g4 Kf7 32. Kf2 g6 33. Ke2 h5 34.
Kd2 f5 35. gxh5 gxh5 36. h4 Kf6 37. Rg1 Bf7 38. Rde1 Ne6 39. b3 Bg6 40. c5 Nxc5
41. Bc4 Nd7 42. f4 Nc5 43. Re5 Ne4+ 44. Kc2 Bf7 45. Bxf7 d3+ 46. Kd1 Kxf7 47.
Rxf5+ Rf6 48. Rxf6+ Kxf6 49. Rg5 Nc5 50. Rxh5 Nxb3 51. Rb5 Nd4 52. Rxb6+ Kf5
53. Kd2 1-0

[Event "Europa tch femenino 2005"]
[Site "Gotebörg SWE"]
[Date "2005.08.05"]
[Round "7.5"]
[White "Muhren, Bianca"]
[Black "Vasiliev, Olga"]
[Result "1-0"]
[WhiteElo "2269"]
[BlackElo "2202"]
[PlyCount "113"]
[EventDate "2005.07.30"]
[EventType "team"]
[EventRounds "9"]
[EventCountry "SWE"]
[Source "lmi"]
[SourceDate "2005.08.07"]

1. e4 c5 2. Nf3 Nf6 3. Nc3 d5 4. exd5 Nxd5 5. Bb5+ Bd7 6. Ne5 Bxb5 7. Qf3 f6 8.
Nxb5 fxe5 9. Qxd5 Qxd5 10. Nc7+ Kf7 11. Nxd5 Nc6 12. d3 Rd8 13. Ne3 g6 14. Bd2
b5 15. O-O-O Bg7 16. Rhe1 h5 17. h3 Rd7 18. Nf1 Rc8 19. Re4 Nd4 20. Kb1 Nf5 21.
Bc3 Nd4 22. Nd2 c4 23. dxc4 bxc4 24. a4 Nf5 25. Rde1 Nd6 26. R4e2 Nb7 27. Nf3
e4 28. Ng5+ Kg8 29. Nxe4 Rcc7 30. Bxg7 Kxg7 31. g4 hxg4 32. hxg4 Nd8 33. f3 Nf7
34. Nc3 e5 35. Kc1 Ng5 36. Rf1 Rf7 37. Re3 Rcd7 38. Ne4 Ne6 39. Nd2 Nd4 40.
Nxc4 Rc7 41. b3 Rf4 42. Kb2 Kf6 43. Rf2 Rc5 44. Nd6 Ke6 45. Ne4 Rc8 46. c3 Nc6
47. Nc5+ Kd6 48. Nd3 Rf7 49. Rfe2 g5 50. Nf2 Rb7 51. Ne4+ Kc7 52. Rh2 Rb6 53.
b4 Rg8 54. Rh7+ Kc8 55. Rd3 Na5 56. Rxa7 Nb7 57. Ra8+ 1-0

[Event "Europa tch femenino 2005"]
[Site "Gotebörg SWE"]
[Date "2005.08.05"]
[Round "7.5"]
[White "Klinova, Masha"]
[Black "Peng, Zhaoqin"]
[Result "1/2-1/2"]
[WhiteElo "2384"]
[BlackElo "2405"]
[PlyCount "99"]
[EventDate "2005.07.30"]
[EventType "team"]
[EventRounds "9"]
[EventCountry "SWE"]
[Source "lmi"]
[SourceDate "2005.08.07"]

1. e4 c5 2. Nf3 e6 3. c4 Nc6 4. Nc3 Nf6 5. Be2 Qb6 6. O-O Be7 7. d3 d6 8. Rb1
O-O 9. h3 Rd8 10. Be3 d5 11. exd5 exd5 12. cxd5 Nb4 13. d4 Nfxd5 14. dxc5 Qg6
15. Ne5 Qf5 16. Bd4 Bf6 17. Bg4 Qc2 18. a3 Qxd1 19. Rfxd1 Nc2 20. Nxd5 Rxd5 21.
Bc3 Rxc5 22. Bxc8 Raxc8 23. Nd7 R5c6 24. Nxf6+ gxf6 25. a4 b6 26. Rd7 a5 27.
Rbd1 Na3 28. Re7 Nc4 29. Rdd7 Rf8 30. Rc7 Rc8 31. Rxc8+ Rxc8 32. Bxf6 h5 33.
Rd7 Rc6 34. Bd4 Nd6 35. Rd8+ Kh7 36. Rb8 Nc8 37. b3 Kg6 38. Kf1 Kf5 39. Ke2 Ke4
40. Be3 Rc2+ 41. Kd1 Kd3 42. Rb7 Rc6 43. Rxf7 Kc3 44. g4 hxg4 45. hxg4 Kxb3 46.
Rf4 Ne7 47. Rd4 Rg6 48. Rd7 Nc6 49. Rb7 Rxg4 50. Rxb6+ 1/2-1/2

[Event "Europa tch femenino 2005"]
[Site "Gotebörg SWE"]
[Date "2005.08.05"]
[Round "7.5"]
[White "Igla, Bella"]
[Black "Schuurman, Petra"]
[Result "1/2-1/2"]
[WhiteElo "2299"]
[BlackElo "2266"]
[PlyCount "89"]
[EventDate "2005.07.30"]
[EventType "team"]
[EventRounds "9"]
[EventCountry "SWE"]
[Source "lmi"]
[SourceDate "2005.08.07"]

1. d4 Nf6 2. c4 e6 3. Nc3 Bb4 4. Qc2 O-O 5. e4 d5 6. e5 Ne4 7. Bd3 f5 8. exf6
Qxf6 9. Bxe4 dxe4 10. Be3 c5 11. O-O-O Bxc3 12. Qxc3 Nc6 13. Ne2 cxd4 14. Nxd4
Ne5 15. Nb5 Nd3+ 16. Kb1 Bd7 17. Qxf6 Rxf6 18. Nc3 Bc6 19. f3 Rg6 20. Nxe4 Ne5
21. Ng3 Nxc4 22. Bf2 Bd5 23. Rhg1 Rf6 24. Ne2 Rf7 25. Nc3 Bc6 26. Rge1 Re7 27.
Bc5 Ree8 28. b3 Nb6 29. Bxb6 axb6 30. Re5 Ra5 31. Rde1 Kf7 32. R5e3 Rg5 33.
R1e2 Rg6 34. b4 Rd8 35. Kb2 Rf6 36. b5 Bd5 37. Rd2 Rf4 38. Red3 Rb4+ 39. Ka3
Rh4 40. Nxd5 Rxd5 41. Rxd5 exd5 42. Rxd5 Ke6 43. Rg5 Kf6 44. Rd5 Ke6 45. Rg5
1/2-1/2